La Rivoluzione francese spiegata a mia nipote / (Record n. 30068)
[ formato base ]
| 000 -LEADER | |
|---|---|
| fixed length control field | 00977nam a2200277 i 4500 |
| 003 - CONTROL NUMBER IDENTIFIER | |
| control field | IT-RoINE |
| 005 - DATE AND TIME OF LATEST TRANSACTION | |
| control field | 20190416090350.0 |
| 008 - FIXED-LENGTH DATA ELEMENTS--GENERAL INFORMATION | |
| fixed length control field | 070320s2007 it |||||r |||||||ita d |
| 020 ## - INTERNATIONAL STANDARD BOOK NUMBER | |
| International Standard Book Number | 9788806185312 |
| 040 ## - CATALOGING SOURCE | |
| Transcribing agency | IT-RoINE |
| Modifying agency | IT-RoINE |
| 041 #7 - LANGUAGE CODE | |
| Language code of text/sound track or separate title | ita |
| Source of code | ISO-639-2 |
| Language code of original and/or intermediate translations of text | fre |
| 100 1# - MAIN ENTRY--PERSONAL NAME | |
| Personal name | Vovelle, Michel, |
| Dates associated with a name | 1933- |
| 9 (RLIN) | 40883 |
| 240 13 - UNIFORM TITLE | |
| Uniform title | La Revolution française expliquee a ma petite-fille. |
| Language of a work | Italiano |
| 245 13 - TITLE STATEMENT | |
| Title | La Rivoluzione francese spiegata a mia nipote / |
| Statement of responsibility, etc | Michel Vovelle ; traduzione di Maria Stella Ruffolo. |
| 260 ## - PUBLICATION, DISTRIBUTION, ETC. (IMPRINT) | |
| Place of publication, distribution, etc | Torino : |
| Name of publisher, distributor, etc | Einaudi, |
| Date of publication, distribution, etc | 2007. |
| 300 ## - PHYSICAL DESCRIPTION | |
| Extent | 67 p. ; |
| Dimensions | 20 cm. |
| 336 ## - CONTENT TYPE | |
| Source | rdacontent |
| Content type term | text |
| 337 ## - MEDIA TYPE | |
| Source | rdamedia |
| Media type term | unmediated |
| 338 ## - CARRIER TYPE | |
| Source | rdacarrier |
| Carrier type term | volume |
| 490 1# - SERIES STATEMENT | |
| Series statement | ET Saggi ; |
| Volume number/sequential designation | 1450 |
| 500 ## - GENERAL NOTE | |
| General note | Traducción de: La Revolution française expliquee a ma petite-fille. |
| 651 #4 - SUBJECT ADDED ENTRY--GEOGRAPHIC NAME | |
| 9 (RLIN) | 7182 |
| Geographic name | Francia |
| General subdivision | Historia |
| Chronological subdivision | 1789-1799 (Revolución) |
| 700 1# - ADDED ENTRY--PERSONAL NAME | |
| Personal name | Ruffolo, Maria Stella |
| 9 (RLIN) | 58956 |
| 830 #0 - SERIES ADDED ENTRY--UNIFORM TITLE | |
| Uniform title | ET (Einaudi) ; |
| Volume number/sequential designation | 1450 |
| 9 (RLIN) | 55530 |
| 942 ## - ADDED ENTRY ELEMENTS (KOHA) | |
| Item type | Monografías |
| Withdrawn status | Lost status | Damaged status | Not for loan | Home library | Current library | Shelving location | Date acquired | Total Checkouts | Full call number | Barcode | Date last seen | Price effective from | Koha item type |
|---|---|---|---|---|---|---|---|---|---|---|---|---|---|
| Iglesia Nacional Española en Roma | Iglesia Nacional Española en Roma | Depósito | 16/04/2019 | HIS.GEN 467 | 56005 | 16/04/2019 | 16/04/2019 | Monografías |